000 01076nam a22001817a 4500
999 _c63866
_d63866
003 Ge_BSU
005 20260209151704.0
008 260209s1978 ge ||||| |||| 00| 0 geo d
041 _ageo
080 _a330.113 : 330.12(47+57) კ-46
100 _aკვირიკაშვილი, მ.
_926846
245 _aმოთხოვნილებათა ამაღლების ეკონომიკური კანონი და ხალხის კეთილდღეობის შემდგომი ზრდა მეათე ხუთწლედში /
_cმ. კვირიკაშვილი; ეკონომიკისა და სამართლის ინ-ტი.
264 _aთბ. :
_bმეცნიერება,
_c1978.
300 _a75გვ. ;
_b21სმ.
653 _aმოთხოვნილებათა ამაღლების ეკონომიკური კანონი
653 _aხალხის კეთილდღეობის ზრდა.
942 _2udc
_cᲬᲘᲒᲜᲘ